| 000 | 00526nam a2200157Ia 4500 | ||
|---|---|---|---|
| 008 | 160316s1997 xxu||||| |||| 00| 0 eng d | ||
| 082 |
_a344.030000 _bPAN |
||
| 100 | _aPandey Rajendra | ||
| 245 | _aMinorities in India : Protection and welfare | ||
| 250 | _a | ||
| 260 |
_aNew Delhi _bAPH Publishing Corporation _c1997 |
||
| 300 |
_a288p. _b _cv |
||
| 365 | _bRs.600 | ||
| 650 | _a1.Minorities - Welfare - Protection - India 2.Electricity Problem - India 3.Protective Discrimination - Backward Classes - India | ||
| 700 |
_a _a |
||
| 999 |
_c13311 _d13311 |
||